Slytherin Quidditch Players Quiz Stats

 Plays Quiz not verified by Sporcle

Also try: 'X' Alphabetically
Challenge
Share
Tweet
Embed
Score 0/15 Timer 06:00
0 Plays Today
Position Player % Correct
SeekersDraco Malfoy
97.7%
ChasersMarcus Flint
91.2%
BeatersVincent Crabbe
84.3%
BeatersGreogry Goyle
84.3%
ChasersMontague
68.6%
ChasersWarrington
58.6%
ChasersAdrian Pucey
54.4%
SeekersRegulus Black
51.7%
Position Player % Correct
SeekersTerrence Higgs
48.7%
BeatersBole
48.3%
KeeperMiles Bletchley
43.3%
BeatersDerrick
41.4%
SeekersHarper
36%
ChasersUrquhart
33.3%
ChasersVaisey
29.1%

You're not logged in!

Compare scores with friends on all Sporcle quizzes.
Join for Free
OR
Log In

You Might Also Like...

Show Comments

Extras

Top Quizzes Today


Score Distribution

Your Account Isn't Verified!

In order to create a playlist on Sporcle, you need to verify the email address you used during registration. Go to your Sporcle Settings to finish the process.

Report this User

Report this user for behavior that violates our Community Guidelines.

Details: